| 000 | 00498 a2200169 4500 | ||
|---|---|---|---|
| 003 | NUST | ||
| 005 | 20251021131609.0 | ||
| 040 | _cNust | ||
| 082 | _a621.382,RAS | ||
| 100 |
_aRasheed , Bilal NC ( TE-38/TCC-13) _9131337 |
||
| 245 |
_aOptimal communication system design / _cNC Bilal Rasheed , NC Zohaib Naveed , PC Zain Mohtarem , PC Ali Asif |
||
| 260 |
_aRawalpindi _bMCS,NUST _c2005 |
||
| 300 | _a91,p.; | ||
| 650 |
_aUG Projects _998716 |
||
| 651 |
_aTE-38/TCC-13 _9131338 |
||
| 942 |
_cPR _2ddc |
||
| 999 |
_c183312 _d183312 |
||